Selekcjonerzy reprezentacji Niemiec - nagła śmierć - Statystyki

Ogólne statystyki
  • Ten quiz został rozwiązany 45 razy
  • Średni wynik to 4 z 6
Answers on the Grid
Answers color-coded by a green-red scale on the quiz's grid according to % correct below.
Julian Nagelsmann
Fabio Capello
Joachim Löw
Thomas Tuchel
Zinedine Zidane
Jürgen Klinsmann
Arsène Wenger
Hansi Flick
Franz Beckenbauer
Jupp Heynckes
Rudi Völler
Ottmar Hitzfeld
 
Statystyki odpowiedzi
Odpowiedź % Poprawnych
Joachim Löw
92%
Julian Nagelsmann
90%
Jürgen Klinsmann
67%
Franz Beckenbauer
62%
Hansi Flick
59%
Rudi Völler
36%
Nie znaleziono quizów pasujących do podanych kryteriów
Rozkład punktacji
Procent ludzi z każdym wynikiem
Percentyl według liczby udzielonych odpowiedzi
Twoja historia wyników
Nie rozwiązałeś tego quizu